00500nam a2200169 a 450000500170000000800410001704000270005804100080008508200190009324500820011226000240019430000280021865000220024665000200026865000230028865100190031120160223111223.0160223b2000 xxu gr|||| 00| 0 spa d aCO-BoIAVH cCO-BoIAVH  aspa04a333.9116bP69p aPlan de acción para el manejo integrado del agua en el Ismo Centroamericano as.l.bSG-SICAc2000 a64 paginas.c27 x 21 cm 4aRecursos hidricos 4aPoliticasvAgua 4aConservacionvagua aCentro america